Génétique écologique (Registro nro. 18032)

Detalles MARC
000 -CABECERA
Campo de control 00529nam a22001937a 4500
005 - FECHA Y HORA DE LA ULTIMA TRANSACCION
Campo de control 20160127103549.0
008 - ELEMENTOS DE LONGITUD FIJA—INFORMACION GENERAL
Campo de control 160127b1972 fr a gr|||| 00| 0 spa d
040 ## - FUENTE DE CATALOGACIÓN
Agencia catalogadora original CO-BoIAVH
Agencia transcriptora CO-BoIAVH
041 ## - IDIOMA
Código de idioma para texto/pista de sonido o título separado Francés
044 ## - PAÍS DE PUBLICACIÓN
País de publicación Francia
082 #4 - NUMERO DE CLASIFICACION DECIMAL DEWEY
Número de clasificación 595.717
Número del ítem F69g
100 1# - ASIENTO PRINCIPAL--NOMBRE PERSONAL
Nombre personal Ford, Brisco Edmund
9 (RLIN) 54868
245 1# - MENCION DE TITULO
Título Génétique écologique
260 ## - PUBLICACION, DISTRIBUCION, ETC. (PIE DE IMPRENTA)
Lugar de publicación, distribución, etc. :
Nombre del editor, distribuidor, etc. ,
Fecha de publicación, distribución, etc. .
300 ## - DESCRIPCION FISICA
Extensión 448 paginas.:
Otros detalles físicos ilsutraciones.;
Dimensiones 24 x 16 cm
650 #6 - ASIENTO SECUNDARIO DE MATERIA - TERMINO TEMATICO
Término temático o nombre geográfico como elemento de entrada Genética
Subdivisión de forma Ecología
9 (RLIN) 54869
650 #6 - ASIENTO SECUNDARIO DE MATERIA - TERMINO TEMATICO
Término temático o nombre geográfico como elemento de entrada Genética ecológica
9 (RLIN) 54870
942 ## - ELEMENTOS ADICIONALES (KOHA)
Sistema de clasificación Dewey Decimal Classification
Tipo de ítem Libro
Existencias
Withdrawn status Lost status Sistema de Clasificación Damaged status No para préstamo Colección Inventariado Ubicación Permanente Ubicación actual Fecha de adquisición Fuente de Valor Valor Total Checkouts Número topográfico Inventario / Código de Barras Date last seen Ejemplar Price effective from Tipo de material
    Dewey Decimal Classification     General Inventariado 2017 Bogotá Bogotá 27/01/2016 Instituto 39000.00   LB-595.717 F69g 042209 27/01/2016 Ej.1 27/01/2016 Libro